Most Valuable Soccer Teams in World 2025 - Statistics

General Stats
  • This quiz has been taken 269 times
  • The average score is 17 of 25
Answer Stats
# Value($) Team % Correct
1 6.7B Real Madrid
100%
3 5.65B Barcelona
99%
4 5.4B Liverpool
97%
5 5.2B Manchester City
97%
2 6B Manchester United
96%
8 4B Arsenal
95%
6 5.1B Bayern Munich
94%
16 1.2B AC Milan
93%
10 3.5B Chelsea
92%
15 1.25B Inter Milan
92%
7 4.55B Paris Saint-Germain
92%
11 2.3B Borussia Dortmund
88%
13 2B Juventus
86%
9 3.55B Tottenham Hotspur
84%
12 2.1B Atlético de Madrid
72%
14 1.3B Newcastle United
70%
18 1.09B Aston Villa
68%
25 910M Napoli
68%
17 1.1B West Ham United
40%
24 920M Brighton and Hove Albion
28%
22 1B Inter Miami
24%
19 1.08B Fulham FC
17%
21 1.03B Los Angeles Galaxy
17%
20 1.05B Los Angeles FC
16%
23 930M Eintracht Frankfurt
13%
No matching quizzes found
Score Distribution
Percent of People with Each Score
Percentile by Number Answered
Your Score History
You have not taken this quiz